| 000 | 00434nam a2200181Ia 4500 | ||
|---|---|---|---|
| 005 | 20240823061522.0 | ||
| 008 | 240823s9999||||xx |||||||||||||| ||und|| | ||
| 041 | _aENGLISH | ||
| 082 | _A004.68 N3 | ||
| 100 | _aStan Schatt | ||
| 245 | 0 | _aUnderstanding Local Area Networks | |
| 250 | _a4th | ||
| 260 |
_c1993 _b"PHI,New Delhi" |
||
| 500 | _aTRANSFERED | ||
| 650 |
_aNetworks _bComputer Science |
||
| 942 | _cBK | ||
| 999 |
_c233722 _d233722 |
||